Науковий збірник Музею української культури в Свиднику. Т. 3 : Присвячений пам'яті Володимира Гнатюка (Запис № 458118)

МАРК-запис
000 -Лідер
fixed length control field 01160 a2200229 4500
003 - Ідентифікатор контрольного номера
control field UA-OsUOA
005 - Дата та час останнього входження (трансакції)
control field 20200210152850.0
008 - Елементи даних фіксованої довжини – загальна інформація
fixed length control field 200210b un ||||| |||| 00| 0 ukr d
040 ## - Джерело каталогізації
Агенція оригінальної каталогізації UA-OsUOA
Мова каталогізації ukr
Агенція, яка здійснювала перезапис UA-OsUOA
Агенція, яка здійснювала модифікацію UA-OsUOA
041 ## - Код мови
Код мови тексту/ звукової доріжки чи окремого заголовка (П) ukr
080 ## - Індекс Універсальної десяткової класифікації
Індекс Універсальної десяткової класифікації (УДК) (НП) 082
090 ## - Локальний шифр розміщення
Класифікаційний індекс УДК 082
Авторський знак (НП) Н34
245 ## - Відомості про назву
Назва (НП) Науковий збірник Музею української культури в Свиднику. Т. 3 : Присвячений пам'яті Володимира Гнатюка
Дані про відповідальність (НП) гол. ред. Микола Мушинка ; відп. ред. Іван Чабиняк
260 ## - Публікація, розповсюдження і т.п. (Вихідні дані)
Дата публікації, розповсюдження і т.п. (П) 1967
Місце публікації, розповсюдження і т.п. (П) Свидник
Ім’я/ наймення видавництва, розповсюджувача і т.п. (П) Свидницький музей української культури
300 ## - Фізичний опис
Обсяг 464 с.
Інші фізичні характеристики (НП) іл.
650 ## - Додаткове предметне введення – тематичний термін
Джерело заголовка чи терміна UDC
Тематичний термін чи географічна назва, як елемент введення (НП) 082 Збірники творів різних авторів на різні теми
700 1# - Додаткове введення – ім'я особи
Ім’я особи (НП) Мушинка Микола
Термін відношення головний редактор
700 1# - Додаткове введення – ім'я особи
Ім’я особи (НП) Чабиняк Іван
Термін відношення відповідальний редактор
942 ## - Додаткові елементи входу (Коха)
Тип елемента Koha Книги
Source of classification or shelving scheme Universal Decimal Classification
955 ## - Код типу видання за змістом
Код типу видання за змістом (НП) Наукові видання
Фонди
Стан вилучень Стан втрат Джерело класифікації або схеми стелажів Стан уражень Не для кредиту Постійне місце розташування Поточне розміщення Дата придбання Джерело придбання Вартість, звичайна ціна покупки Інвентарний номер Усього замовленно Повний номер виклику Штрих-код Дата останнього перегляду Ціна ефективна від Тип елемента Koha Примітка, призначена для загального доступу
    Universal Decimal Classification     АБ - Абонемент НБ АБ - Абонемент НБ 12/01/2016 2/2016 20.00 150244   008(477+71) Н34 150244 22/10/2021 12/01/2016 Книги  
    Universal Decimal Classification     Наукова бібліотека ІДУД Наукова бібліотека ІДУД 15/11/2012 293/2012 1.00 2134105   082 Н34 2134105 14/09/2019 15/11/2012 Книги  
    Universal Decimal Classification     Наукова бібліотека ІДУД Наукова бібліотека ІДУД 10/02/2020 Акт надходження № 2/2020 (від О. Іванусіва) 1.00 2139879   082 Н34 2139879 10/02/2020 10/02/2020 Книги Дарувальник Іванусів О.